000 00840nam a2200253Ia 4500
003 OSt
005 20220928131447.0
006 a|||||r|||| 00| 0
007 ta
008 220927b |||||||| |||| 00| 0 eng d
020 _a9780199494286
_cINR 1495.00
024 _a146186
037 _b042, 24/12/2021, Excel Book International
_cTextual
040 _aSDCL
_cSDCL
_beng
041 _2eng
_aeng
082 _aT.2, Q9
100 _aMatthey-Prakash Florian
_9478258
245 0 _aRight to education in India
_b The importance of enforceability of a fundamental right
260 _aNew Delhi
_bOxford University Press
_c2019
300 _axxix,446p.
_ccm.
650 _aPolitical Science
942 _hT.2, Q9
_cTEXL
_2CC
999 _c790757
_d790757